• 首页
  • 本馆介绍
  • 公告通知
  • 最新文献
  • 馆藏检索
  • 电子资源
  • 读者导购
  • 参考咨询
  • 我的图书馆
  • 登录
  • 详细信息显示
  • 放入我的书架
  • 预约/预借图书
  • 作者相关作品
  • 分类相关作品
  • 丛书相关作品
  • 出版社相关作品

书目信息

  • 表格格式
  • 工作单格式
  • 卡片格式
题名:
为什么资本不从富国流向穷国?
    
 
作者: 卢卡斯 著 ;郭冠清 译
分册:  
出版信息: 北京   中国人民大学出版社  2016
页数: 14,186页
开本: 24cm
丛书名: 诺贝尔经济学奖获得者丛书
单 册:
中图分类: F061.2-53
科图分类:
主题词: 经济增长--jing ji zeng chang--文集
电子资源:
ISBN: 978-7-300-22744-3
000 01770nam0 22003251 450
001 1760869721
005 20170619171921.0
010    @a978-7-300-22744-3@dCNY42.00
100    @a20170215d2016 em y0chiy50 ea
101 1  @achi@ceng
102    @aCN@b110000
105    @ay az 000yy
106    @ar
200 1  @a为什么资本不从富国流向穷国?@9wei shen me zi ben bu cong fu guo liu xiang qiong guo ?@e经济增长演讲集@dLectures on economic growth@f小罗伯特·E·卢卡斯(Robert E. Lucas)著@g郭冠清译@zeng
210    @a北京@c中国人民大学出版社@d2016
215    @a14,186页@d24cm
225 2  @a诺贝尔经济学奖获得者丛书@9nuo bei er jing ji xue jiang huo de zhe cong shu
300    @a“十三五”国家重点出版物出版规划项目
314    @a小罗伯特·E·卢卡斯 (Robert E. Lucas),男,1995年诺贝尔经济学奖得主。芝加哥大学教授。他不仅领导了对在20世纪70年代“滞胀”面前束手无策的凯恩斯理论的“理性预期革命”,而且也与戴维·罗默(David Romer)一起使经济增长理论在沉寂了30年之后获得“重生”,并开拓了内生增长理论的研究。
320    @a有书目(第178-186页)
330    @a本书收录了作者关于经济增长和发展的著作,包括1985年在剑桥大学的马歇尔讲座至1997年在耶鲁大学的库兹涅茨讲座的讲义。书中针对新古典增长模型无法解释国家之间收入水平和增长率差异的缺陷,提出了两个具有重要意义的模型:一个是人力资本外部性模型,解释了各国持久收入的差异;第二个是“干中学”模型,解释了各国之间增长率的差异。
461  0 @12001 @a诺贝尔经济学奖获得者丛书
510 1  @aLectures on economic growth@zeng
517 1  @a经济增长演讲集@9jing ji zeng chang yan jiang ji
606 0  @a经济增长@9jing ji zeng chang@j文集
690    @aF061.2-53@v5
701  0 @c(美)@a卢卡斯@9lu ka si@c(Lucas, Robert E.)@4著
702  0 @a郭冠清@9guo guan qing@4译
801  0 @aCN@b百万庄@c20170617
905    @b1013526-8@dF061.2-53@e160@f3
    
    为什么资本不从富国流向穷国?:经济增长演讲集=Lectures on economic growth/小罗伯特·E·卢卡斯(Robert E. Lucas)著/郭冠清译.-北京:中国人民大学出版社,2016
    14,186页;24cm.-(诺贝尔经济学奖获得者丛书)
    “十三五”国家重点出版物出版规划项目
    
    ISBN 978-7-300-22744-3:CNY42.00
    本书收录了作者关于经济增长和发展的著作,包括1985年在剑桥大学的马歇尔讲座至1997年在耶鲁大学的库兹涅茨讲座的讲义。书中针对新古典增长模型无法解释国家之间收入水平和增长率差异的缺陷,提出了两个具有重要意义的模型:一个是人力资本外部性模型,解释了各国持久收入的差异;第二个是“干中学”模型,解释了各国之间增长率的差异。
●
相关链接 在E读中查询图书 在五车中查询图书 在当当中查询图书 在豆瓣中查询图书


正题名:为什么资本不从富国流向穷国?     索取号:F061.2-53/160         预约/预借

序号 登录号 条形码 馆藏地/架位号 状态 备注
1 1013526   210135263   第一样本阅览室/ [索取号:F061.2-53/160] 在馆    
2 1013527   210135272   教育系资料室/ [索取号:F061.2-53/160] 在馆    
3 1013528   210135281   第一借阅区/ [索取号:F061.2-53/160] 在馆    
唐山师范学院图书馆 欢迎您!
大连网信软件有限公司© 版权所有